Java Server Programming Java EE7(Black Book) (Record no. 5197)

MARC details
000 -LEADER
fixed length control field 00452nam a22001697a 4500
005 - DATE AND TIME OF LATEST TRANSACTION
control field 20210909153335.0
008 - FIXED-LENGTH DATA ELEMENTS--GENERAL INFORMATION
fixed length control field 160905b xxu||||| |||| 00| 0 eng d
020 ## - INTERNATIONAL STANDARD BOOK NUMBER
ISBN 978--93-5119-417-0
041 ## - LANGUAGE CODE
Language code of text/sound track or separate title eng
082 ## - DEWEY DECIMAL CLASSIFICATION NUMBER
Classification number 005.133
100 ## - MAIN ENTRY--AUTHOR NAME
Personal name DT Editorial services
245 ## - TITLE STATEMENT
Title Java Server Programming Java EE7(Black Book)
260 ## - PUBLICATION, DISTRIBUTION, ETC. (IMPRINT)
Name of publisher Dreamtech press
Year of publication 2016
Place of publication new delhi
300 ## - PHYSICAL DESCRIPTION
Number of Pages 1250
650 ## - SUBJECT ADDED ENTRY--TOPICAL TERM
Topical Term INFORMATION TECHNOLOGY
942 ## - ADDED ENTRY ELEMENTS (KOHA)
Koha item type Books
Holdings
Lost status Damaged status Collection code Home library Current library Shelving location Date acquired Source of acquisition Cost, normal purchase price Full call number Accession Number Copy number Koha item type
    Reference JRU Library   SHELF-30-C 05/09/2016 PURCHASE 799.00 005.133 21036 3 Books
    CS/IT JRU Library   SHELF-54-A 05/09/2016 PURCHASE 799.00 005.133 21037 3 Books
    CS/IT JRU Library JRU Library SHELF-54-A 05/09/2016 PURCHASE 799.00 005.133 21038 3 Books